Lecturas infantiles

Gespeichert in:
Bibliographische Detailangaben
1. Verfasser: Solana, E. Autor
Format: keine Angabe
Sprache:Spanisch
Erschienen: Madrid Magisterio Español 1904
Ausgabe:20º
Katalog:MANES:  Suchergebnis im Bibliothekskatalog
Schulbuchspezifische Eigenschaften:
Tags: Tag hinzufügen
Keine Tags, Fügen Sie den ersten Tag hinzu!
Hinzugefügt zu:26.04.2016

MARC

LEADER 000000000a22000000004500
001 17398
003 OSt
008 160427s sp ||||| |||| 00| 0 spa d
041 1 |a spa 
040 |c centro_manes 
691 7 |a PRI 
100 1 |a Solana, E.  |b Autor  |9 11661 
245 0 0 |a Lecturas infantiles 
250 |a 20º 
260 3 |a Madrid  |b Magisterio Español  |c 1904 
300 |a 113p  |c 17 * 12 cm 
500 |a ILUSTRACIONES: Contiene grabados en blanco y negro. ENCUADERNACIÓN: Cartoné. DESCRIPCIÓN CONTENIDO: Diferentes cuentos. PALABRAS CLAVE: Texto didáctico. Lecturas. NéMERO EJEMPLARES: 1. Nº TOPOGRÁFICO: 1876. CONSERVACIÓN: Buena. 
690 0 |a EyL 
942 |2 ddc  |c BK 
546 |a España 
999 |c 23367  |d 23367 
999 |c manes:23367  |d 23367